Central Library OPAC University of Rajshahi

দুদ্দু শাহ : (Record no. 65464)

MARC details
000 -LEADER
fixed length control field 01131nam a2200277 a 4500
001 - CONTROL NUMBER
control field 65464
003 - CONTROL NUMBER IDENTIFIER
rucl marc code BD-RjUL
005 - DATE AND TIME OF LATEST TRANSACTION
control field 20211209081429.0
008 - FIXED-LENGTH DATA ELEMENTS--GENERAL INFORMATION
fixed length control field 170306s1989 bg a|||| |||| 00| 0 ben d
020 ## - INTERNATIONAL STANDARD BOOK NUMBER
Terms of availability Tk. : 15.00
035 ## - SYSTEM CONTROL NUMBER
System control number (BD-RjUL)65594
040 ## - CATALOGING SOURCE
Original cataloging agency BD-RjUL
Language of cataloging ben
Transcribing agency BD-RjUL
041 ## - LANGUAGE CODE
Language code of text/sound track or separate title ben
082 ## - DEWEY DECIMAL CLASSIFICATION NUMBER
Edition number 23
Classification number 891.44092
Author mark and year RAD 1989
100 1# - MAIN ENTRY--PERSONAL NAME
Personal name রহমান, এস. এম. লুৎফর
9 (RLIN) 175786
245 10 - TITLE STATEMENT
Title দুদ্দু শাহ :
Remainder of title ১৭৯৬-১৯০৭ /
Statement of responsibility, etc. এস. এম. লুৎফর রহমান.
260 ## - PUBLICATION, DISTRIBUTION, ETC. (IMPRINT)
Place of publication, distribution, etc. ঢাকা, বাংলাদেশ :
Name of publisher, distributor, etc. বাংলা একাডেমী,
Date of publication, distribution, etc. ১৯৮৯.
300 ## - PHYSICAL DESCRIPTION
Pagination ১০৮ পৃ. :
Illustrations চিত্র ;
Size ২২ সেমি.
490 ## - SERIES STATEMENT
Series statement জীবনী গ্রন্থমালা
600 ## - SUBJECT ADDED ENTRY--PERSONAL NAME
Personal name শাহ , দুদ্দু,
Dates associated with a name ১৭৯৬-১৯০৭
Personal name Shah, Duddu,
Dates associated with a name 1796-1907
650 ## - SUBJECT ADDED ENTRY--TOPICAL TERM
Topical term or geographic name as entry element বাংলা লেখক
General subdivision জীবনী
9 (RLIN) 193742
Topical term or geographic name as entry element Bengali authors
General subdivision biography
9 (RLIN) 193743
830 ## - SERIES ADDED ENTRY--UNIFORM TITLE
Uniform title জীবনী গ্রন্থমালা
942 ## - ADDED ENTRY ELEMENTS (KOHA)
Source of classification or shelving scheme Dewey Decimal Classification
Koha item type Books
Holdings
Lost status Source of classification or shelving scheme Damaged status Not for loan Collection code Permanent Location Current Location Shelving location Date acquired Source of acquisition Cost, normal purchase price Total Checkouts Full call number Date last seen Copy number Koha item type
  Dewey Decimal Classification   Not For Loan Non-fiction Central Library, University of Rajshahi Central Library, University of Rajshahi Reading Room 12/06/1990 Bangla Academy 45.00   B 891.44092 RAD 1989 06/03/2017 C-1 Books